000 00413nam a2200181Ia 4500
001 709
005 20260306140537.0
008 260306t1988||||xx |||||||||||||| ||spa||
041 _aESP
082 _a142.7
_bS26
100 _aSartre, Jean Paul
_eAUT
245 0 _aLa trascendencia del ego
260 _c1988
300 _a111 páginas :
_c21 cm.
650 _aGEN
654 _aCHU
942 _cLIB
_dJUS
_fJUS
_2ddc
_n
999 _c709
_d709